<?xml version="1.0" encoding="UTF-8"?>
<collection xmlns="http://www.loc.gov/MARC21/slim">
 <record>
  <leader>03750nab a2200241 i 4500</leader>
  <controlfield tag="001">acta81671</controlfield>
  <controlfield tag="005">20230922105504.0</controlfield>
  <controlfield tag="008">230922s1955    hu      o     0||   hun d</controlfield>
  <datafield tag="040" ind1=" " ind2=" ">
   <subfield code="a">SZTE Egyetemi Kiadványok Repozitórium</subfield>
   <subfield code="b">hun</subfield>
  </datafield>
  <datafield tag="041" ind1=" " ind2=" ">
   <subfield code="a">hun</subfield>
  </datafield>
  <datafield tag="041" ind1=" " ind2=" ">
   <subfield code="a">ger</subfield>
  </datafield>
  <datafield tag="041" ind1=" " ind2=" ">
   <subfield code="a">rus</subfield>
  </datafield>
  <datafield tag="100" ind1="1" ind2=" ">
   <subfield code="a">Cieleszky Vilmos</subfield>
  </datafield>
  <datafield tag="245" ind1="1" ind2="0">
   <subfield code="a">Élelmiszereink fontosabb ásványi anyagai, meghatározásuk és biológiai jelentőségük</subfield>
   <subfield code="h">[elektronikus dokumentum] /</subfield>
   <subfield code="c"> Cieleszky Vilmos</subfield>
  </datafield>
  <datafield tag="260" ind1=" " ind2=" ">
   <subfield code="a">Műszaki Könyvkiadó</subfield>
   <subfield code="b">Budapest</subfield>
   <subfield code="c">1955</subfield>
  </datafield>
  <datafield tag="300" ind1=" " ind2=" ">
   <subfield code="a">131-150</subfield>
  </datafield>
  <datafield tag="490" ind1="0" ind2=" ">
   <subfield code="a">Élelmiszervizsgálati közlemények</subfield>
   <subfield code="v">1 No. 3-4</subfield>
  </datafield>
  <datafield tag="520" ind1="3" ind2=" ">
   <subfield code="a">Szerző foglalkozik az emberi szervezetben a fontosabb ásványi anyagok mennyiségi arányával, biológiai hatásaival és a szükséglet kérdésével. Ism erteti az Élelmezés- és Táplálkozástudományi Intézet által ez évben III. kiadásban megjelent Tápanyagtáblázat ide vonatkozó részleteit, az ezirányban folytatott kutatásokat és azokat a m akro- és m ikro-eljárásokat, amelyeket rutinszerűen végeznek az élelmiszerekben előforduló ásványi anyagok meghatározására. Az élelmi anyagok előzetes kezelésével, feldolgozásával, tárolásával és általában az étélkészítés alatt végbemenő változásokkal kapcsolatban kitér a toxikológiai vonatkozásokra és a még megengedhető férni szennyezések határértékeit illetően kiemeli a természetes tartalom ismeretének fontosságát. Rám utat arra is, hegy az ásványi anyagokkal kapcsolatos kutatások keretén belül tanulmányozni kell azokat az egyensúlyi állapotokat, amelyekben az ásványi anyagok az egyes élelmiszerekben és az emberi szervezetben szerepelnek, illetve amelyek kialakításában résztvesznek. Ez az út vezet a biológiai törvényszerűség pontosabb megismeréséhez. Javaslatokat tesz az e területen végzendő további kutatások főbb irányaira vonatkozóan. Verfasser bespricht die Mengenverhältnisse, die biologische Wirkungsweise und den Bedarf an den wichtigeren Mineralstoffen im menschlichen Organismus. Er zitiert einige diesbezügliche Daten aus der vom Institut für Ernährungswissenschaft herausgegebenen und in diesem Jahre bereits in der III. Auflage erschienenen Nahrungsm itteltabelle, w eist auf die in dieser R ichtung betriebenen Forschungen hin und teilt diejenigen M akro- und M ikroverfahren m it, w elch e zur B estim m ung der in den L ebensm itteln verkom m enden M ineralstoffe routinem ässig angew andt w erden. M it B ezugnahm e auf vorhergehende B ehandlung, A ufarbeitung, Lagerung und auf die bei der N ahrungsm ittelbereitung eintretenden V eränderungen w erden toxikologische B eziehungen beachtet und hinsichtlich der G renzw erte von M etallverunreinigungen die W ichtigkeit der K enntnis des natürlichen M etallgehaltes hervorgehoben. Es w ird darauf hingew iesen, dass bei den d ie M ineralstoffe betreffenden Forschungen ,auch diejenigen G leichgew ichtszustände beachtet w erden m üssen, w elch e zw isch en den M inerastoffen und den einzelnen L ebensm itteln bzw. dem m enschlichen O rganism us bestehen, oder in deren Z ustandekom m en die M ineralstoffe m itw irken. D ieser W eg führt zur genaueren Erkenntnis der biologischen G esetzm ässigkeiten. Schliesslich gibt der A utor g ew isse A nleitungen hinsichtlich der w eiteren F orschungsrichtung auf diesem Gebiete.</subfield>
  </datafield>
  <datafield tag="650" ind1=" " ind2="4">
   <subfield code="a">Műszaki és technológiai tudományok</subfield>
  </datafield>
  <datafield tag="650" ind1=" " ind2="4">
   <subfield code="a">Egyéb műszaki tudományok és technológiák</subfield>
  </datafield>
  <datafield tag="650" ind1=" " ind2="4">
   <subfield code="a">Élelmiszer és italfélék</subfield>
  </datafield>
  <datafield tag="695" ind1=" " ind2=" ">
   <subfield code="a">Élelmiszervizsgálat - analitikai kémia - módszer, Élelmiszerkémia - módszer</subfield>
  </datafield>
  <datafield tag="856" ind1="4" ind2="0">
   <subfield code="u">http://acta.bibl.u-szeged.hu/81671/1/elelmiszervizsgalati_kozlemenyek_1955_03-04_131-150.pdf</subfield>
   <subfield code="z">Dokumentum-elérés </subfield>
  </datafield>
 </record>
</collection>
